Дистанционные защиты ПЗ-157, ПЗ-158, ПЗ-159

التفاصيل البيبلوغرافية
المؤلف الرئيسي: Савостьянов А. И. Алексей Иванович
اللغة:الروسية
منشور في: Москва, Энергия, 1973
سلاسل:Библиотека электромонтера Вып. 380
الموضوعات:
التنسيق: كتاب
KOHA link:https://koha.lib.tpu.ru/cgi-bin/koha/opac-detail.pl?biblionumber=303098

MARC

LEADER 00000nam0a2200000 4500
001 303098
005 20231102001553.0
035 |a (RuTPU)RU\TPU\book\328318 
090 |a 303098 
100 |a 20150831d1973 k y0rusy50 ca 
101 0 |a rus 
102 |a RU 
105 |a a z 001zy 
200 1 |a Дистанционные защиты ПЗ-157, ПЗ-158, ПЗ-159  |f А. И. Савостьянов 
210 |a Москва  |c Энергия  |d 1973 
215 |a 97 с.  |c ил. 
225 1 |a Библиотека электромонтера  |v Вып. 380 
320 |a Библиогр.: с. 96. 
606 1 |a Дистанционная защита  |2 stltpush  |3 (RuTPU)RU\TPU\subj\74601  |9 86747 
610 1 |a применение 
610 1 |a схемы защиты 
610 1 |a пусковые устройства 
610 1 |a блокировка 
610 1 |a наладка 
675 |a 621.315.925.4  |v 3 
700 1 |a Савостьянов  |b А. И.  |g Алексей Иванович 
801 1 |a RU  |b 63413507  |c 20150831 
801 2 |a RU  |b 63413507  |c 20201001  |g RCR 
942 |c BK